| Tag |
First Indicator |
Second Indicator |
Subfields |
| LEADER |
00000pam a2200000 a 4500 |
| 001 |
in00000074903 |
| 005 |
20151008054824.0 |
| 008 |
801215s1981 nyua 00110aengm |
| 010 |
|
|
|a 80029264
|
| 020 |
|
|
|a 0823036251
|
| 035 |
|
|
|a (OCoLC)07176691
|
| 035 |
|
|
|9 AAJ1777AM
|
| 040 |
|
|
|a DLC
|c DLC
|d m.c.
|d TXA
|d UtOrBLW
|
| 043 |
|
|
|a n-us---
|
| 049 |
|
|
|a TXAM
|c [1361494]
|
| 050 |
0 |
0 |
|a N6537.K524
|b A2 1981
|
| 082 |
0 |
|
|a 759.13
|2 19
|
| 100 |
1 |
|
|a Kinstler, Everett Raymond.
|
| 245 |
1 |
0 |
|a Painting faces, figures, and landscapes /
|c by Everett Raymond Kinstler.
|
| 264 |
|
1 |
|a New York :
|b Watson-Guptill Publications,
|c 1981.
|
| 300 |
|
|
|a 143 pages :
|b illustrations (some color) ;
|c 32 cm.
|
| 336 |
|
|
|a text
|b txt
|2 rdacontent
|
| 337 |
|
|
|a unmediated
|b n
|2 rdamedia
|
| 338 |
|
|
|a volume
|b nc
|2 rdacarrier
|
| 500 |
|
|
|a Includes index.
|
| 600 |
1 |
0 |
|a Kinstler, Everett Raymond.
|
| 650 |
|
0 |
|a Artists
|z United States
|v Biography.
|
| 650 |
|
0 |
|a Artists' studios
|z United States.
|
| 650 |
|
0 |
|a Artists' materials.
|
| 650 |
|
0 |
|a Art
|x Technique.
|
| 999 |
|
|
|a MARS
|
| 999 |
f |
f |
|s ea68d8da-22a0-32e5-a301-41b1d0c23fd6
|i eebad45a-1e09-38ab-b53c-0e58152dcc18
|t 0
|
| 952 |
f |
f |
|p normal
|a Texas A&M University
|b College Station
|c Sterling C. Evans Library
|d Evans: Library Stacks
|t 0
|e N6537.K524 A2 1981
|h Library of Congress classification
|i unmediated -- volume
|m A14806166445
|
| 998 |
f |
f |
|a N6537.K524 A2 1981
|t 0
|l Evans: Library Stacks
|